[Event "Hastings8687"]
[Site "Hastings"]
[Date "1986.??.??"]
[Round "?"]
[White "Gufeld, Eduard"]
[Black "Speelman, Jonathan S"]
[Result "1/2-1/2"]
[WhiteElo "2480"]
[BlackElo "2535"]

1.e4 c6 2.d4 d5 3.Nd2 dxe4 4.Nxe4 Nd7 5.Bd3 Ngf6 6.Ng5 e6 7.N1f3 h6 8.Ne4 Nxe4
9.Bxe4 Nf6 10.Bd3 c5 11.dxc5 Bxc5 12.O-O O-O 13.Qe2 b6 14.Bf4 Bb7 15.Rad1 Qe7
16.Ne5 a6 17.Bg3 Rfd8 18.c3 b5 19.Bh4 Rd5 20.Bc2 Rxd1 21.Rxd1 g5 22.Bg3 Rd8  1/2-1/2

[Event "Hastings8687"]
[Site "Hastings"]
[Date "1986.??.??"]
[Round "?"]
[White "Larsen, Bent"]
[Black "Speelman, Jonathan S"]
[Result "0-1"]
[WhiteElo "2565"]
[BlackElo "2535"]

1.g3 d5 2.Nf3 c6 3.Bg2 Bg4 4.c4 e6 5.b3 Nd7 6.Bb2 Ngf6 7.O-O Bd6 8.cxd5 exd5
9.Nd4 Nc5 10.Qc2 Qd7 11.f3 Be6 12.b4 Na6 13.a3 h5 14.e4 dxe4 15.fxe4 h4 16.Nxe6 Qxe6
17.Bxf6 gxf6 18.Qc3 O-O-O 19.Rxf6 Qe7 20.Rf5 hxg3 21.h3 Kb8 22.Ra2 Nc7 23.Qc4 Be5
24.Nc3 f6 25.Kf1 Ne6 26.Ne2 Rd6 27.Ke1 Qd7 28.Rc2 Rd8 29.Qa2 Rd3 30.Rf1 Nd4
31.Nxd4 Qxd4 32.Ke2 Qd6 33.h4 Bf4 34.Qb2 Bxd2 35.Rxf6 Re3+ 36.Kd1 Re1+  0-1

[Event "Hastings8687"]
[Site "Hastings"]
[Date "1986.??.??"]
[Round "?"]
[White "Chandler, Murray G"]
[Black "Speelman, Jonathan S"]
[Result "1/2-1/2"]
[WhiteElo "2565"]
[BlackElo "2535"]

1.e4 c6 2.c4 d5 3.cxd5 cxd5 4.exd5 Nf6 5.Bb5+ Nbd7 6.Nc3 a6 7.Qa4 Rb8 8.Bxd7+ Bxd7
9.Qf4 e6 10.Nf3 exd5 11.O-O Be6 12.d4 Bd6 13.Qh4 Rc8 14.Ng5 O-O 15.Nxe6 fxe6
16.Qh3  1/2-1/2

[Event "Hastings8687"]
[Site "Hastings"]
[Date "1986.??.??"]
[Round "?"]
[White "Adorjan, Andras"]
[Black "Speelman, Jonathan S"]
[Result "1/2-1/2"]
[WhiteElo "2560"]
[BlackElo "2535"]

1.c4 e5 2.Nc3 Nc6 3.Nf3 Nf6 4.g3 d5 5.cxd5 Nxd5 6.Bg2 Nb6 7.O-O Be7 8.a3 O-O
9.d3 Be6 10.b4 Nd4 11.Bb2 Bb3 12.Qc1 c5 13.bxc5 Bxc5 14.Nxd4 Bxd4 15.e3 Rc8
16.Qd2 Bxc3 17.Bxc3 Bd5 18.e4 Be6 19.Rfc1  1/2-1/2

[Event "London op"]
[Site "London"]
[Date "1986.??.??"]
[Round "?"]
[White "Speelman, Jonathan S"]
[Black "Ady, Jonathan James"]
[Result "1-0"]
[WhiteElo "2560"]
[BlackElo "2305"]

1.c4 c5 2.Nf3 Nf6 3.Nc3 Nc6 4.g3 d5 5.cxd5 Nxd5 6.Bg2 g6 7.O-O Bg7 8.d3 Nxc3
9.bxc3 Bxc3 10.Rb1 Bg7 11.Qc2 Qd6 12.Be3 b6 13.Bf4 Qd7 14.d4 c4 15.Rfd1 Bb7
16.d5 Na5 17.Ne5 Bxe5 18.Bxe5 O-O 19.Bc3 Rac8 20.Qc1 Rfd8 21.Qh6 f6 22.Bh3 Qc7
23.Be6+ Kh8 24.Rd4 Rg8 25.d6  1-0

[Event "London"]
[Site "London"]
[Date "1986.??.??"]
[Round "1"]
[White "Larsen, Bent"]
[Black "Speelman, Jonathan S"]
[Result "1/2-1/2"]
[WhiteElo "2575"]
[BlackElo "2560"]

1.e4 c6 2.Nc3 d5 3.Nf3 Bg4 4.h3 Bxf3 5.Qxf3 Nf6 6.Be2 e6 7.O-O Nbd7 8.d4 dxe4
9.Nxe4 Nxe4 10.Qxe4 Nf6 11.Qh4 Bd6 12.Rd1 h6 13.c4 Bc7 14.Bf4 Bxf4 15.Qxf4 Qb8
16.Qe5 Qxe5 17.dxe5 Nd7 18.f4 a5 19.Kf2 Ke7 20.Bf3 Nc5 21.b3 Rhd8 22.Ke3 f6
23.exf6+ Kxf6 24.Rd4 e5 25.fxe5+ Kxe5 26.Rad1 Rxd4 27.Rxd4 Re8 28.h4 g5 29.hxg5 hxg5
30.Bg4 Kf6+ 31.Kf3 Ke5 32.Rd1  1/2-1/2

[Event "London m"]
[Site "London"]
[Date "1986.??.??"]
[Round "1"]
[White "Speelman, Jonathan S"]
[Black "Alburt, Lev O"]
[Result "1-0"]
[WhiteElo "2560"]
[BlackElo "2515"]

1.d4 Nf6 2.Nf3 e6 3.c4 c5 4.e3 g6 5.Nc3 Bg7 6.Be2 O-O 7.O-O d6 8.e4 Nc6 9.Be3 Qe7
10.d5 exd5 11.cxd5 Ne5 12.Nxe5 Qxe5 13.f4 Qe7 14.e5 Ne8 15.Ne4 b6 16.Qd2 Bb7
17.Rad1 dxe5 18.f5 Rd8 19.f6 Nxf6 20.d6 Qe6 21.Rxf6 Bxf6 22.Bg4 Bxe4 23.Bxe6 fxe6
24.Rf1 Rd7 25.Bh6 Rff7 26.Qe2 Bc6 27.Qa6 Bd8 28.Qc8 Rxf1+ 29.Kxf1 Bb5+ 30.Ke1 Kf7
31.a4 Bxa4 32.Qa6 Bc2 33.Qf1+ Bf5 34.g4 Rxd6 35.gxf5 gxf5 36.Qh3 Bf6 37.Qh5+ Ke7
38.Bg5 Bxg5 39.Qxg5+ Kd7 40.Qg7+ Kc6 41.Qxh7 Rd4 42.h4 Re4+ 43.Kd2 Rd4+ 44.Kc2 Rc4+
45.Kb1 e4 46.Qh6 Kd5 47.h5 Rd4 48.Qc1 Rd3 49.Qh1 Kc4 50.h6 e3 51.Qf1 f4 52.Kc2  1-0

[Event "London"]
[Site "London"]
[Date "1986.??.??"]
[Round "2"]
[White "Speelman, Jonathan S"]
[Black "Nunn, John DM"]
[Result "1/2-1/2"]
[WhiteElo "2560"]
[BlackElo "2585"]

1.d4 Nf6 2.Nf3 g6 3.g3 Bg7 4.Bg2 O-O 5.O-O d5 6.c4 dxc4 7.Na3 Nc6 8.Nxc4 Be6
9.b3 Bd5 10.Bb2 a5 11.Rc1 Qc8 12.a3 Rd8 13.e3 Qe6 14.Qc2 Ne4 15.Rfe1 f5 16.Re2 Qf7  1/2-1/2

[Event "London m"]
[Site "London"]
[Date "1986.??.??"]
[Round "2"]
[White "Alburt, Lev O"]
[Black "Speelman, Jonathan S"]
[Result "1/2-1/2"]
[WhiteElo "2515"]
[BlackElo "2560"]

1.d4 d5 2.c4 dxc4 3.e4 Nc6 4.d5 Ne5 5.Bf4 Ng6 6.Bg3 h5 7.Nf3 h4 8.Be5 e6
9.Bxc4 Nxe5 10.Nxe5 Bd6 11.Qa4+ Kf8 12.f4 Qf6 13.Nc3 Bxe5 14.fxe5 Qxe5 15.O-O-O Nf6
16.dxe6 Bxe6 17.Qb4+ c5 18.Qb3 Kg8 19.Bxe6 fxe6 20.Qxb7 Kh7 21.Qe7 Qg5+ 22.Kb1 Rhe8
23.Qf7 Rab8 24.Rhe1 Qe5 25.Rd3 Nd5 26.Rh3 Nxc3+ 27.Ka1 Qg5 28.bxc3 Rf8 29.Qxe6 Rf2
30.g3 Rb6 31.Qd5 Qxd5 32.Rxh4+ Qh5 33.Rxh5+ Kg6 34.Rxc5 Ra6 35.Kb1 Raxa2
36.Rb5 Rxh2 37.e5 Kf7 38.e6+ Ke7 39.Rb7+ Ke8 40.e7 Rae2 41.Rxe2 Rxe2 42.Rxa7 Re3  1/2-1/2

[Event "London m"]
[Site "London"]
[Date "1986.??.??"]
[Round "3"]
[White "Speelman, Jonathan S"]
[Black "Alburt, Lev O"]
[Result "1/2-1/2"]
[WhiteElo "2560"]
[BlackElo "2515"]

1.Nf3 Nf6 2.c4 c5 3.g3 d5 4.cxd5 Nxd5 5.Bg2 Nc6 6.d4 cxd4 7.Nxd4 Ndb4 8.Nxc6 Qxd1+
9.Kxd1 Nxc6 10.Nc3 Bd7 11.Be3 e5 12.Rc1 O-O-O 13.Kc2 Bf5+ 14.Kb3 Be6+ 15.Ka4 Nd4
16.Nb5+ Kb8 17.Rc7 Rd7 18.Bxd4 exd4 19.Rhc1 Be7 20.Rxb7+ Rxb7 21.Bxb7 Kxb7
22.Rc7+ Kb6 23.Rxe7 Rd8 24.Na3 d3 25.exd3 Rxd3 26.b3 Rf3 27.Nc4+ Ka6 28.Kb4 Rxf2
29.a4 Rxh2 30.Nd6 Rd2 31.Nxf7 Bxf7 32.Rxf7 Rd4+ 33.Kc5 Rd3 34.Rxg7 Rxb3 35.g4 Rc3+
36.Kd5 Rh3 37.g5 Kb6 38.a5+ Ka6 39.Ke5 Rh1 40.Rc7 Re1+ 41.Kf6 Rh1 42.Rc5 Rh2
43.Kg7 Rh5 44.Re5 Rh1  1/2-1/2

[Event "BCF-ch playoff"]
[Site "London"]
[Date "1986.??.??"]
[Round "3"]
[White "Speelman, Jonathan S"]
[Black "Mestel, A Jonathan"]
[Result "1-0"]
[WhiteElo "2535"]
[BlackElo "2505"]

1.Nf3 Nf6 2.c4 g6 3.Nc3 Bg7 4.e4 d6 5.d4 O-O 6.Be2 Nbd7 7.Be3 e5 8.Qd2 c6
9.Rd1 exd4 10.Nxd4 Re8 11.f3 d5 12.cxd5 cxd5 13.Ndb5 Nb6 14.Bf4 Nh5 15.Bc7 Qe7
16.Bd6 Qh4+ 17.g3 Qh3 18.Bf1 Qf5 19.Nc7 Bd7 20.Nxa8 Nxa8 21.Nxd5 Qxf3 22.Ne7+ Rxe7
23.Bxe7 Nxg3 24.Bg2 Qg4 25.hxg3 Be5 26.Qxd7 Bxg3+ 27.Kf1 Qf4+ 28.Ke2  1-0

[Event "London"]
[Site "London"]
[Date "1986.??.??"]
[Round "4"]
[White "Speelman, Jonathan S"]
[Black "Portisch, Lajos"]
[Result "1/2-1/2"]
[WhiteElo "2560"]
[BlackElo "2610"]

1.d4 d5 2.Nf3 Nf6 3.c4 c6 4.e3 Bf5 5.Bd3 Bg6 6.Nc3 e6 7.O-O Nbd7 8.Qe2 Bb4
9.a3 Bxc3 10.bxc3 O-O 11.Bxg6 hxg6 12.a4 Qa5 13.Ba3 Rfc8 14.Qb2 Nb6 15.Rfb1 Nxc4
16.Qxb7 Ne4 17.Ne5 Nxe5 18.dxe5 c5 19.Rb5 Qxc3 20.Bb2 Qd2 21.Rf1 c4 22.Bc1 Qd3
23.Ra5 Nc3 24.h3 Rcb8 25.Qe7 Rb1 26.Re1 Ne2+ 27.Kh2 Nxc1 28.Rxa7 Rf8 29.Rd7 Qf5
30.f4 g5 31.a5 Ra1 32.a6 Rxa6 33.Rxc1 Ra2 34.Rf1 Rb8 35.Rf3 g6 36.Qxg5 Rbb2
37.Rg3 Qxg5 38.Rxg5 Kf8 39.Rc7 Re2 40.h4 Rac2 41.h5 gxh5 42.f5 exf5 43.e6  1/2-1/2

[Event "London m"]
[Site "London"]
[Date "1986.??.??"]
[Round "4"]
[White "Alburt, Lev O"]
[Black "Speelman, Jonathan S"]
[Result "1-0"]
[WhiteElo "2515"]
[BlackElo "2560"]

1.Nf3 Nf6 2.c4 b6 3.g3 c5 4.Bg2 Bb7 5.O-O g6 6.d3 Bg7 7.e4 d6 8.Nc3 O-O 9.Nh4 Nc6
10.f4 a6 11.f5 b5 12.Bg5 Ne5 13.b3 h6 14.Bxf6 Bxf6 15.Rc1 e6 16.Nf3 Qa5 17.Nxe5 Bxe5
18.Qd2 Bd4+ 19.Kh1 exf5 20.exf5 Bxg2+ 21.Kxg2 Rae8 22.Qxh6 Bxc3 23.Rxc3 Qxa2+
24.Kg1 Qe2 25.cxb5 axb5 26.d4 gxf5 27.Qg5+ Kh8 28.Qf6+ Kg8 29.Rxf5 Qe1+ 30.Kg2 Qe2+
31.Kh3 Qe6 32.Qg5+ Qg6 33.dxc5 Kg7 34.cxd6 Re4 35.Rd3 Rh8+ 36.Kg2 Re2+ 37.Kf3 Rexh2
38.d7 Rd8 39.Qxg6+ Kxg6 40.Re5 Rhh8 41.Rxb5 Kf6 42.Rb4 Ra8 43.Re3 Rhd8 44.Rb7 Kg7
45.Rc7 Kf8 46.Kf4 f6 47.b4 Rab8 48.Re4 Kf7 49.g4 Rb5 50.Ke3 Rg5 51.Kd4 f5
52.gxf5 Rxf5 53.Kc4 Rf1 54.Kc5 Rf5+ 55.Kb6 Rf6+ 56.Rc6  1-0

[Event "London m"]
[Site "London"]
[Date "1986.??.??"]
[Round "5"]
[White "Speelman, Jonathan S"]
[Black "Alburt, Lev O"]
[Result "1/2-1/2"]
[WhiteElo "2560"]
[BlackElo "2515"]

1.d4 Nf6 2.Nf3 e6 3.c4 c5 4.d5 b5 5.Bg5 Qa5+ 6.Nbd2 Be7 7.dxe6 fxe6 8.cxb5 a6
9.e4 Nxe4 10.Bxe7 Kxe7 11.Qc2 d5 12.Bd3 Nxd2 13.Qxc5+ Kf7 14.Ne5+ Kf6 15.b4 Ne4
16.Ng4+ Kf7 17.Bxe4 Qxb5 18.Ne5+ Kf6 19.Ng4+ Kf7 20.Ne5+  1/2-1/2

[Event "London"]
[Site "London"]
[Date "1986.??.??"]
[Round "5"]
[White "Polugaevsky, Lev"]
[Black "Speelman, Jonathan S"]
[Result "1/2-1/2"]
[WhiteElo "2575"]
[BlackElo "2560"]

1.d4 Nf6 2.c4 e6 3.Nf3 b6 4.Nc3 Bb7 5.a3 Ne4 6.Nxe4 Bxe4 7.Nd2 Bb7 8.e4 Qf6
9.e5 Qg6 10.Nf3 Be7 11.Be2 O-O 12.O-O f6 13.Bf4 fxe5 14.Bxe5 d6 15.Bg3 Be4
16.Rc1 Nd7 17.Re1 Bf6 18.b4 Rad8 19.Nd2 Bf5 20.Nf1 Bg5 21.f4 Bh6 22.Bh5 Qf6
23.Ne3 g6 24.Nxf5 exf5 25.Bf3 Rfe8 26.Qd2 Kf8 27.Bf2 g5  1/2-1/2

[Event "London m"]
[Site "London"]
[Date "1986.??.??"]
[Round "6"]
[White "Alburt, Lev O"]
[Black "Speelman, Jonathan S"]
[Result "1-0"]
[WhiteElo "2515"]
[BlackElo "2560"]

1.d4 d5 2.c4 dxc4 3.e4 Nc6 4.Nf3 Bg4 5.Be3 e6 6.Bxc4 Bxf3 7.gxf3 Qf6 8.e5 Qh4
9.Bb5 Bb4+ 10.Nc3 Ne7 11.Qa4 O-O 12.O-O-O Bxc3 13.bxc3 Nd5 14.Qc2 f6 15.Rdg1 Nxe3
16.fxe3 fxe5 17.Rg4 Qh6 18.Qe4 exd4 19.Rhg1 Rf5 20.Rxg7+ Kh8 21.Bxc6 bxc6
22.cxd4 Rb8 23.h4 Qf6 24.Rxc7 Qf8 25.Rgg7 Qxg7 26.Rxg7 Kxg7 27.Qxe6 Rbf8
28.f4 R8f6 29.Qd7+ Kg6 30.Kc2 Rd5 31.Qe8+ Kg7 32.e4 Ra5 33.Qd7+ Rf7 34.Qg4+ Kf8
35.Qe6 c5 36.Qd5 h6  1-0

[Event "BCF-ch playoff"]
[Site "London"]
[Date "1986.??.??"]
[Round "6"]
[White "Mestel, A Jonathan"]
[Black "Speelman, Jonathan S"]
[Result "0-1"]
[WhiteElo "2505"]
[BlackElo "2535"]

1.e4 g6 2.d4 Bg7 3.c4 Nc6 4.Be3 d6 5.Nc3 e5 6.Nge2 Nh6 7.f3 f5 8.d5 Ne7 9.Qd2 Nf7
10.Nc1 O-O 11.b4 g5 12.Bxg5 Nxg5 13.Qxg5 c6 14.Nb3 fxe4 15.Nxe4 cxd5 16.cxd5 Bf5
17.Bd3 Kh8 18.Rd1 Nxd5 19.Bc4 Nb6 20.Qxd8 Raxd8 21.Be2 d5 22.Nec5 Nc4 23.Nxb7 Rb8
24.Bxc4 dxc4 25.N3c5 c3 26.Rc1 c2 27.Ke2 Bh6 28.a3 e4 29.fxe4 Bc8 30.Nd6 Bg4+
31.Kd3 Rbd8 32.e5 Bf4 33.Ke4 Bxc1 34.Rxc1 Rf2 35.Nd3 Re2+ 36.Kf4 Bh5 37.Kg5 Bg6
38.Nf4 Rxe5+ 39.Kf6 Rxd6+ 40.Kxe5 Rd2 41.h4 Be8 42.Nd5 Ba4 43.Nc3 Rd1 44.Ne2 Bb5
45.Rxc2 Re1 46.Kf6 Rxe2 47.Rc8+ Re8 48.Rxe8+ Bxe8 49.g4 Kg8 50.h5 Kf8 51.h6 Bg6
52.b5 Ke8 53.Ke6 Kd8 54.a4 a6 55.b6 a5 56.Kd6 Kc8 57.Kc5 Be8 58.g5 Kb7 59.g6 Bxg6
60.Kb5  0-1

[Event "London m"]
[Site "London"]
[Date "1986.??.??"]
[Round "7"]
[White "Speelman, Jonathan S"]
[Black "Alburt, Lev O"]
[Result "1/2-1/2"]
[WhiteElo "2560"]
[BlackElo "2515"]

1.d4 Nf6 2.Nf3 g6 3.c4 c5 4.Nc3 cxd4 5.Nxd4 d5 6.Bg5 Ne4 7.Nxe4 dxe4 8.Nb5 Qxd1+
9.Rxd1 Na6 10.g3 Bg7 11.b3 f5 12.Bg2 Bd7 13.f3 Bxb5 14.cxb5 Nb4 15.fxe4 h6
16.Be3 Nc2+ 17.Kd2 Nb4 18.a3 Rd8+ 19.Ke1 Nc2+ 20.Kf2 Nxe3 21.Kxe3 Bb2 22.exf5 gxf5
23.a4 b6 24.Bd5 e5 25.Be6 Bd4+ 26.Kf3 Rf8 27.e3 Bc5 28.Rxd8+ Kxd8 29.e4 f4
30.Bf5 fxg3 31.hxg3 Rf6 32.Kg4 Rd6 33.Kh5 Ke7 34.Rc1 Rd3 35.b4 Bxb4 36.Rc7+ Kf6
37.Rc6+ Kf7 38.Be6+ Ke7 39.g4 Bd6 40.Bd5 Rh3+ 41.Kg6 Rg3 42.Kh5  1/2-1/2

[Event "London"]
[Site "London"]
[Date "1986.??.??"]
[Round "7"]
[White "Mestel, A Jonathan"]
[Black "Speelman, Jonathan S"]
[Result "1/2-1/2"]
[WhiteElo "2525"]
[BlackElo "2560"]

1.e4 c6 2.Nc3 d5 3.d4 dxe4 4.Nxe4 Nd7 5.Bc4 Ngf6 6.Ng5 e6 7.Qe2 Nb6 8.Bb3 h6
9.N5f3 a5 10.a3 a4 11.Ba2 Be7 12.c3 c5 13.Ne5 cxd4 14.Qb5+ Bd7 15.Nxd7 Qxd7
16.Qxd7+ Kxd7 17.cxd4  1/2-1/2

[Event "London m"]
[Site "London"]
[Date "1986.??.??"]
[Round "8"]
[White "Alburt, Lev O"]
[Black "Speelman, Jonathan S"]
[Result "0-1"]
[WhiteElo "2515"]
[BlackElo "2560"]

1.Nf3 b6 2.d4 Bb7 3.g3 g6 4.Bg2 Bg7 5.O-O Nf6 6.c4 e6 7.Nc3 Ne4 8.Nxe4 Bxe4
9.Bg5 Qc8 10.Qd2 h6 11.Bf4 d6 12.Ne1 Bxg2 13.Kxg2 Qa6 14.b3 Nc6 15.Be3 Ne7
16.f3 c5 17.Nc2 Rd8 18.a4 d5 19.cxd5 Rxd5 20.Bf2 cxd4 21.Nb4 Qa5 22.Rac1 O-O
23.Rfd1 Rc5 24.Rxc5 bxc5 25.Nd3 Qb6 26.Qc2 Nd5 27.Qc4 Rc8 28.Rc1 Qd8 29.Nxc5 Qg5
30.h4 Ne3+ 31.Bxe3 Qxe3 32.Rc2 Bf8 33.b4 a5 34.Qa6 d3 35.exd3 Rd8 36.Qxa5 Rd5
37.Qa8 Kg7 38.a5 Bxc5 39.bxc5 Qxd3 40.Rf2 Rxc5 41.Qa7 Rc1 42.g4 Qd1 43.Rb2 Qh1+
44.Kg3 e5 45.Qb8 Rg1+ 46.Kf2 Rf1+  0-1

[Event "London"]
[Site "London"]
[Date "1986.??.??"]
[Round "8"]
[White "Speelman, Jonathan S"]
[Black "Flear, Glenn C"]
[Result "0-1"]
[WhiteElo "2560"]
[BlackElo "2485"]

1.c4 e6 2.Nc3 d5 3.d4 c6 4.Nf3 dxc4 5.e3 b5 6.a4 Bb4 7.Nd2 Qb6 8.Qg4 Kf8
9.g3 Nf6 10.Qf3 Bb7 11.Bg2 a6 12.O-O Nbd7 13.Na2 Bd6 14.b3 cxb3 15.Nxb3 Ke7
16.Bd2 Rab8 17.Na5 Ba8 18.Nb4 Nd5 19.Naxc6+ Bxc6 20.Nxc6+ Qxc6 21.e4 Qc2
22.Bg5+ N5f6 23.Rfc1 Qb2 24.e5 Nxe5 25.dxe5 Bxe5 26.Rab1 Qd4 27.Rd1 Qc3 28.Bd2 Qxf3
29.Bb4+ Ke8 30.Bxf3 Rc8 31.Bb7 Rc2 32.Rb3 bxa4 33.Rbd3 Bc7 34.Ba3 Ba5 35.Rd6 Rc3
36.Rxa6 Rxa3 37.Bc6+ Kf8 38.Rxa5 g6 39.Ra7 Kg7 40.Rb1 Rb3 41.Ra1 a3 42.R1xa3 Rxa3
43.Rxa3 Rc8 44.Bf3 Rc2 45.h4 Rd2 46.Ra5 h6 47.Kf1 Rd4 48.Rb5 Ng8 49.Rb7 Kf6
50.Bc6 Ne7 51.Be8 Rd8 52.Bd7 Nf5 53.Ra7 Rb8 54.Kg2 Rb2 55.Kg1 Rd2 56.Bc6 Nd6
57.Ra6 e5 58.Ba4 Rd4 59.Bb3 g5 60.hxg5+ hxg5 61.f4 exf4 62.gxf4 g4 63.Ra7 Rxf4
64.Rd7 Ke5 65.Re7+ Kf6 66.Rd7 Ke5 67.Re7+ Kd4 68.Kg2 f5 69.Rd7 Ke5 70.Re7+ Kd4
71.Rd7 Kc5 72.Be6 Re4 73.Rxd6 Kxd6 74.Bxf5 Rf4 75.Bg6 Ke5 76.Kg3 Rd4 77.Bh7 Rc4
78.Bb1 Kf6 79.Kh4 Rc1 80.Bd3 Rg1  0-1

[Event "London"]
[Site "London"]
[Date "1986.??.??"]
[Round "9"]
[White "Spassky, Boris V"]
[Black "Speelman, Jonathan S"]
[Result "1/2-1/2"]
[WhiteElo "2610"]
[BlackElo "2560"]

1.e4 c6 2.d4 d5 3.Nc3 dxe4 4.Nxe4 Nd7 5.Nf3 Ngf6 6.Nxf6+ Nxf6 7.h3 Bf5 8.Bd3 Bg6
9.Bxg6 hxg6 10.Qe2 e6 11.O-O Bd6 12.c4 Qc7 13.Rd1 O-O 14.Bd2 a5 15.Rac1 Rfd8
16.Bc3 Bb4 17.Qe1 Bxc3 18.Rxc3 a4 19.Rcd3 b5  1/2-1/2

[Event "London"]
[Site "London"]
[Date "1986.??.??"]
[Round "10"]
[White "Vaganian, Rafael A"]
[Black "Speelman, Jonathan S"]
[Result "1-0"]
[WhiteElo "2645"]
[BlackElo "2560"]

1.Nf3 Nf6 2.c4 e6 3.d4 b6 4.Nc3 Bb7 5.a3 d5 6.cxd5 exd5 7.g3 Be7 8.Bg2 O-O
9.O-O Re8 10.Bf4 a6 11.Rc1 Bd6 12.e3 Bxf4 13.gxf4 Nbd7 14.Ne5 c5 15.Nxd7 Qxd7
16.Na4 Rab8 17.Nxb6 Qe6 18.Na4 cxd4 19.Qxd4 Qg4 20.Nc5 Bc8 21.b4 Qh5 22.f3 a5
23.bxa5 Ra8 24.Qd2 h6 25.Rfe1 Bf5 26.Nb3 Ra6 27.Nd4 Bh3 28.Rc6 Rxc6 29.Nxc6 Bxg2
30.Kxg2 Nd7 31.Nd4 Nc5 32.f5 Rb8 33.Qc2 Qh4 34.Rf1 Na4 35.Kh1 Rb2 36.Qc7 Nc5
37.Qe5  1-0

[Event "BCF-ch"]
[Site "Southampton"]
[Date "1986.??.??"]
[Round "1"]
[White "Speelman, Jonathan S"]
[Black "Teichmann, Erik OMC"]
[Result "1-0"]
[WhiteElo "2535"]
[BlackElo "2310"]

1.c4 Nc6 2.g3 g6 3.d4 Bg7 4.Nf3 d6 5.d5 Na5 6.Qa4+ c6 7.Bd2 Qb6 8.Na3 Qxb2
9.Rb1 Qxa2 10.Bxa5 Bb2 11.dxc6 b6 12.Bb4 Bxa3 13.Nd2 Bf5 14.Rc1 Nf6 15.Qxa3 Qxa3
16.Bxa3 O-O 17.Bg2 Rac8 18.e4 Be6 19.e5 Ne8 20.Ne4  1-0

[Event "BCF-ch"]
[Site "Southampton"]
[Date "1986.??.??"]
[Round "2"]
[White "Hawksworth, John C"]
[Black "Speelman, Jonathan S"]
[Result "1/2-1/2"]
[WhiteElo "2400"]
[BlackElo "2535"]

1.d4 e6 2.c4 Bb4+ 3.Bd2 Qe7 4.Nf3 Nc6 5.d5 Nb8 6.Nc3 Nf6 7.a3 Bxc3 8.Bxc3 d6
9.g3 O-O 10.Bg2 Ne4 11.Qd4 f5 12.dxe6 Bxe6 13.O-O Nc6 14.Qd3 Nc5 15.Qc2 f4
16.b4 Nd7 17.Nd4 Nxd4 18.Bxd4 c6 19.c5 d5 20.Rfe1 Qf7 21.Qd2 Qh5 22.Rac1 fxg3
23.fxg3 Nf6 24.Rf1 Ne4 25.Bxe4 dxe4 26.Rxf8+ Rxf8 27.Rf1 Rxf1+ 28.Kxf1 h6
29.Kg1 Bg4 30.Qf4 Bxe2 31.Qxe4 Bc4 32.g4 Qf7 33.Qf5 Qxf5 34.gxf5 Kf7 35.Kf2 Bd3
36.Ke3 Bxf5 37.Kf4 Bd3 38.Ke5 g5 39.Kd6 h5 40.Kc7 a5 41.bxa5 Ba6 42.Kd6 h4
43.Ke5 Bd3 44.Bf2 Kg6 45.Kd4 Bf1 46.Ke3 Kf5 47.Be1  1/2-1/2

[Event "BCF-ch"]
[Site "Southampton"]
[Date "1986.??.??"]
[Round "5"]
[White "Speelman, Jonathan S"]
[Black "Lawton, Geoffrey W"]
[Result "1-0"]
[WhiteElo "2535"]
[BlackElo "2365"]

1.Nf3 Nf6 2.c4 g6 3.Nc3 Bg7 4.e4 d6 5.d4 O-O 6.Be2 e5 7.Be3 Qe7 8.dxe5 dxe5
9.Nd5 Nxd5 10.cxd5 c6 11.O-O Rd8 12.Bc4 Na6 13.Rc1 Nc7 14.Re1 h6 15.Bb3 cxd5
16.Qc2 Ne8 17.exd5 Bf5 18.Qd2 Bg4 19.Bc5 Qc7 20.Bd4 Qd6 21.Nxe5 Nf6 22.Nxf7 Kxf7
23.Bc5  1-0

[Event "BCF-ch"]
[Site "Southampton"]
[Date "1986.??.??"]
[Round "6"]
[White "Norwood, David"]
[Black "Speelman, Jonathan S"]
[Result "0-1"]
[WhiteElo "2415"]
[BlackElo "2535"]

1.c4 c6 2.Nf3 d5 3.g3 Bg4 4.Bg2 e6 5.cxd5 exd5 6.Qb3 Qb6 7.Qa4 Nf6 8.Ne5 Be6
9.O-O Bd6 10.d4 Nbd7 11.Bf4 Bxe5 12.dxe5 Ng4 13.e4 d4 14.Na3 O-O 15.Rad1 Qxb2
16.Rxd4 Nc5 17.Qb4 Qxb4 18.Rxb4 h6 19.f3 g5 20.fxg4 gxf4 21.gxf4 Rad8 22.f5 Bxa2
23.Rb2 Bb3 24.Rf3 Rd1+ 25.Bf1 b5 26.g5 b4 27.Nb1 a5 28.g6 fxg6 29.Rg2 Rxb1
30.Rxg6+ Kf7 31.Rxc6 Rg8+ 32.Kf2 Nxe4+ 33.Ke3 Re1+ 34.Kf4 Nc3 35.Rc7+ Ke8
36.Rc8+ Kd7 37.Rxg8 Re4+ 38.Kg3 Bxg8 39.e6+ Bxe6 40.fxe6+ Kxe6 41.Bh3+ Ke5
42.Rf5+ Kd4 43.Rxa5 b3  0-1

[Event "BCF-ch"]
[Site "Southampton"]
[Date "1986.??.??"]
[Round "8"]
[White "Chandler, Murray G"]
[Black "Speelman, Jonathan S"]
[Result "0-1"]
[WhiteElo "2565"]
[BlackElo "2535"]

1.e4 c6 2.d4 d5 3.Nd2 dxe4 4.Nxe4 Nd7 5.Bc4 Ngf6 6.Ng5 e6 7.Qe2 Nb6 8.Bd3 h6
9.N5f3 c5 10.dxc5 Bxc5 11.Ne5 Nbd7 12.Ngf3 Nxe5 13.Nxe5 O-O 14.Bd2 Qd5 15.O-O b5
16.Kh1 Bb7 17.f4 a6 18.a3 Rac8 19.Rad1 Qa2 20.Bc1 Ba8 21.c4 Ba7 22.f5 Rfe8
23.cxb5 exf5 24.Bxf5 Rc5 25.Bf4 Rxb5 26.Rd2 Bb8 27.Re1 g6 28.b4 Qxa3 29.Qc4 Rbxe5
30.Bxe5 Rxe5 31.Red1 Rxf5 32.Qc8+ Kg7 33.Qxb8 Qe3 34.Rd8 Bxg2+  0-1

[Event "BCF-ch"]
[Site "Southampton"]
[Date "1986.??.??"]
[Round "9"]
[White "Speelman, Jonathan S"]
[Black "Mestel, A Jonathan"]
[Result "1/2-1/2"]
[WhiteElo "2535"]
[BlackElo "2505"]

1.Nf3 Nf6 2.c4 g6 3.g3 Bg7 4.Bg2 O-O 5.O-O c5 6.d4 d6 7.d5 Na6 8.Nc3 Nc7
9.a4 Rb8 10.h3 b6 11.e4 a6 12.Re1 b5 13.axb5 axb5 14.e5 Nfe8 15.b3 bxc4 16.bxc4 e6
17.Bf4 Rb4 18.Qe2 Ba6 19.Rxa6 Nxa6 20.dxe6 fxe6 21.Ng5 Nac7 22.exd6 Bxc3
23.dxc7 Nxc7 24.Nxe6 Nxe6 25.Qxe6+ Kg7 26.Be5+  1/2-1/2

[Event "BCF-ch"]
[Site "Southampton"]
[Date "1986.??.??"]
[Round "10"]
[White "Condie, Mark L"]
[Black "Speelman, Jonathan S"]
[Result "1/2-1/2"]
[WhiteElo "2410"]
[BlackElo "2535"]

1.Nf3 d5 2.d4 Nf6 3.c4 dxc4 4.e3 Bg4 5.Bxc4 e6 6.O-O Bd6 7.Nc3 Nc6 8.Be2 O-O
9.b3 Nd5 10.Bb2 f5 11.Nxd5 exd5 12.Ne5 Bxe2 13.Qxe2 Qe8 14.Qf3 Qe6 15.Nxc6 bxc6
16.g3 a5 17.Rfc1 Ra6 18.Rc2 Rb8 19.Qe2 Rbb6 20.Rac1 h6 21.Bc3 a4 22.Be1 axb3
23.axb3 Qe4 24.Ra2 Ra3 25.Rxa3 Bxa3 26.f3 Qe6 27.Rb1 c5 28.Qa2 Ra6 29.Bf2 cxd4
30.exd4 Bb4 31.Qb2 Kh7 32.Kg2 Rc6 33.Rc1 Rxc1 34.Qxc1 c6 35.Qc2 Kg8 36.Qa2 Be7
37.h3 Bf6 38.Qc2 h5 39.h4 Kf7 40.Qd2 Be7 41.Be3  1/2-1/2

[Event "BCF-ch"]
[Site "Southampton"]
[Date "1986.??.??"]
[Round "11"]
[White "Speelman, Jonathan S"]
[Black "King, Daniel J"]
[Result "1/2-1/2"]
[WhiteElo "2535"]
[BlackElo "2460"]

1.d4 Nf6 2.c4 e6 3.g3 Bb4+ 4.Bd2 Bxd2+ 5.Qxd2 d5 6.Bg2 O-O 7.Nf3 Nbd7 8.O-O c6
9.Qc2 b6 10.Nbd2 Ba6 11.Rac1 Rc8 12.Rfd1 Qe7 13.e4 Nxe4 14.Nxe4 dxe4 15.Qxe4 Rfe8
16.Ne5 Nxe5 17.dxe5 Red8 18.Bf3 c5 19.b3 h6 20.h4 Rb8 21.a4 Bb7 22.Rxd8+  1/2-1/2

[Event "Bath zt"]
[Site "Bath"]
[Date "1987.??.??"]
[Round "?"]
[White "Botterill, George Steven"]
[Black "Speelman, Jonathan S"]
[Result "0-1"]
[WhiteElo "2370"]
[BlackElo "2550"]

1.d4 Nc6 2.Nf3 d6 3.e4 Nf6 4.Nbd2 e5 5.c3 Be7 6.Bb5 Bd7 7.O-O O-O 8.d5 Nb8
9.Bd3 c6 10.dxc6 Nxc6 11.Re1 Re8 12.Nf1 h6 13.Ne3 Bf8 14.Bc2 Be6 15.Nd5 Nb8
16.h3 Nbd7 17.a4 Bxd5 18.exd5 Rc8 19.Be3 Nb6 20.Bb3 Qc7 21.Bxb6 Qxb6 22.a5 Qd8
23.Ba4 Re7 24.a6 Rc5 25.axb7 Rxb7 26.Bc6 Rxb2 27.Rxa7 Rxc6 28.dxc6 Qb6 29.Re2 Rxe2
30.Qxe2 Qxa7 31.Qb5 d5 32.Nxe5 Bd6  0-1

[Event "Bath zt"]
[Site "Bath"]
[Date "1987.??.??"]
[Round "?"]
[White "Delaney, John"]
[Black "Speelman, Jonathan S"]
[Result "0-1"]
[WhiteElo "2280"]
[BlackElo "2550"]

1.e4 c5 2.Nf3 d6 3.d4 cxd4 4.Nxd4 Nf6 5.Nc3 Nc6 6.Bg5 Bd7 7.Be2 e6 8.O-O a6
9.Qd3 h6 10.Nxc6 Bxc6 11.Bf4 b5 12.a3 Be7 13.Rad1 e5 14.Bc1 O-O 15.Nd5 Bxd5
16.exd5 Nd7 17.Qf5 Bg5 18.Kh1 g6 19.Qh3 Kg7 20.f4 exf4 21.Bxf4 Bxf4 22.Rxf4 Qe7
23.Rdf1 Rae8 24.a4 Nc5 25.Bd3 bxa4 26.Qg3 Nxd3 27.Qxd3 Qe5 28.Rxa4 Qxb2 29.Rxa6 Qe5
30.Rc6 Re7 31.c4 Ra8 32.c5 dxc5 33.h3 Ra1 34.Rxc5 Rxf1+ 35.Qxf1 Ra7 36.Qd1 Ra1
37.Rc1 Rxc1 38.Qxc1 Qxd5 39.Qc3+ Kh7 40.Qc7 g5 41.Qb8 Qd4 42.Qc8 Kg7 43.Kh2 h5
44.Kh1 Qe3 45.Kh2 Qf4+ 46.Kh1 g4 47.hxg4 hxg4 48.Qc3+ Kg6 49.Qd3+ Kh6 50.Qd8 g3
51.Qb6+ f6 52.Qe3 Qg5 53.Qc5 Qh5+ 54.Qxh5+ Kxh5 55.Kg1 Kg4 56.Kf1 Kf4 57.Ke2 Ke4
58.Kd2 f5 59.Ke2 f4 60.Ke1 Ke3 61.Kf1 Kd2  0-1